000
00219nam a2200097Ia 4500
008
170619s9999 xx 000 0 und d
100
_a
MUKHI- VIJAY
245
4
_a
THE C' ODYSSEY
260
_b
PEARSON EDU. DELHI
260
_c
2003
546
_a
ENGLISH
999
_c
22941
_d
22941